The acrobatics of change : (Record no. 20853)

MARC details
000 -LEADER
fixed length control field 00969nam a22002538a 4500
005 - DATE AND TIME OF LATEST TRANSACTION
control field 20080709102736.0
008 - FIXED-LENGTH DATA ELEMENTS--GENERAL INFORMATION
fixed length control field 080627s2008 ii 000 0 eng
010 ## - LCCN (DPL NO)
LC control number ENG-92458
020 ## - INTERNATIONAL STANDARD BOOK NUMBER
International Standard Book Number 9788178298474
Terms of availability 340.00
035 ## - SYSTEM CONTROL NUMBER
System control number EN-75991
037 ## - SOURCE OF ACQUISITION
Source of stock number/acquisition DBAD / PUB
040 ## - CATALOGING SOURCE
Original cataloging agency dpl
Language of cataloging English
082 ## - DEWEY DECIMAL CLASSIFICATION NUMBER
Classification number 658.406
100 ## - MAIN ENTRY--PERSONAL NAME
Personal name Siddiqui, Moid, 1944-
245 ## - TITLE STATEMENT
Title The acrobatics of change :
Remainder of title concepts, techniques, strategies, and execution /
Statement of responsibility, etc by Moid Siddiqui [and] R.H. Khwaja.
260 ## - PUBLICATION, DISTRIBUTION, ETC. (IMPRINT)
Place of publication, distribution, etc New Delhi ;
Name of publisher, distributor, etc Response Books
Date of publication, distribution, etc 2008
300 ## - PHYSICAL DESCRIPTION
Extent xii, 292p.
Dimensions 23cm (pbk)
610 ## - SUBJECT ADDED ENTRY--CORPORATE NAME
Corporate name or jurisdiction name as entry element Singareni Collieries Company.
650 ## - SUBJECT ADDED ENTRY--TOPICAL TERM
Topical term or geographic name as entry element Organizational change
General subdivision Management.
650 ## - SUBJECT ADDED ENTRY--TOPICAL TERM
Topical term or geographic name as entry element Industrial management.
700 ## - ADDED ENTRY--PERSONAL NAME
Personal name Khwaja, R. H.
942 ## - ADDED ENTRY ELEMENTS (KOHA)
Source of classification or shelving scheme Dewey Decimal Classification
Item type Bengali Books
Classification part 658.406
Call number suffix SID
Holdings
Withdrawn status Lost status Source of classification or shelving scheme Damaged status Not for loan Collection code Home library Current library Date acquired Source of acquisition Cost, normal purchase price Total Checkouts Full call number Barcode Date last seen Copy number Cost, replacement price Koha item type
    Dewey Decimal Classification   Not For Loan Non-fiction D.B.Act.Division D.B.Act.Division 12/01/2009 DBAB / PUB 340.00   658.406 SID EN-75991 12/01/2009 1 340.00 English Books

© Delhi Public Library
Hit Counter
free hit counter